| 000 | 00574cam a2200193 4500 | ||
|---|---|---|---|
| 001 | D15291 | ||
| 008 | 090401t1984 xxu||||| |||| 00| 0 eng d | ||
| 035 | _a(Sirsi) u21714 | ||
| 041 | _aeng | ||
| 050 | _a690.25 | ||
| 110 |
_aRoyal Institution of Chartered Surveyors _bBuilding Surveyors Division _94964 |
||
| 245 | _aDefeating defects. One-day conference [at] Park Lane Hotel, 15 March 1984 | ||
| 260 |
_aLondon _bSurveyors Technical Services _c1984 |
||
| 300 | _a4 papers | ||
| 350 | _a0 | ||
| 520 | _aFiled in box RICS 1984/5 AB | ||
| 942 | _n0 | ||
| 948 | _c04/03/1997 | ||
| 999 |
_c88042 _d88042 |
||